Revaluation 2005 (Record no. 75048)
[ view plain ]
| 000 -LEADER | |
|---|---|
| fixed length control field | 00860cab a2200181 4500 |
| 001 - CONTROL NUMBER | |
| control field | L129285 |
| 008 - FIXED-LENGTH DATA ELEMENTS--GENERAL INFORMATION | |
| fixed length control field | 050407n2005 000 0 eng u |
| 035 ## - SYSTEM CONTROL NUMBER | |
| System control number | (Sirsi) u129285 |
| 041 ## - LANGUAGE CODE | |
| Language code of text/sound track or separate title | eng |
| 100 ## - MAIN ENTRY--PERSONAL NAME | |
| Personal name | Sanderson, Paul |
| 245 ## - TITLE STATEMENT | |
| Title | Revaluation 2005 |
| 260 ## - PUBLICATION, DISTRIBUTION, ETC. | |
| Date of publication, distribution, etc. | 2005 |
| 490 ## - SERIES STATEMENT | |
| Series statement | RICS Business |
| Volume/sequential designation | April 2005, 12-13(2) |
| 520 ## - SUMMARY, ETC. | |
| Summary, etc. | Examines the impact on surveyors and their clients of the new rateable values for non-domestic properties in England and Wales which were published by the Valuation Office Agency (VOA) on 1 April 2005. Sets out how the VOA carried out the revaluation and looks at new and improved facilities offered by the VOA, including the new website for ratepayers and agents, www.mybusinessrates.gov.uk. |
| 590 ## - LOCAL NOTE (RLIN) | |
| Local note | IKA150405 |
| 690 ## - LOCAL SUBJECT ADDED ENTRY--TOPICAL TERM (OCLC, RLIN) | |
| Topical term or geographic name as entry element | PROPERTY-COMMERCIAL PROPERTY-COMMERCIAL PROPERTY TAXATION-BUSINESS RATES |
| 942 ## - ADDED ENTRY ELEMENTS (KOHA) | |
| Suppress in OPAC | 0 |
| Withdrawn status | Lost status | Source of classification or shelving scheme | Damaged status | Not for loan | Home library | Current library | Shelving location | Date acquired | Total Checkouts | Full call number | Barcode | Date last seen | Copy number | Price effective from | Koha item type |
|---|---|---|---|---|---|---|---|---|---|---|---|---|---|---|---|
| Dewey Decimal Classification | London | London | Journal article | 07/04/2005 | L129285 | 129285-1001 | 06/08/2019 | 1 | 06/08/2019 | Journal article |